000 01128nam a22002537a 4500
005 20170124102936.0
010 _aA-765218
020 _c50.00
035 _aA-765218
037 _bCen Lib/Ret
040 _aDPL
_bHN
082 _a822
_bबरना
100 _aबरनालवी, प्रेमसिंह
_944529
245 _aतस्वीर कभी नहीं टूटती :
_cप्रेमसिंह बरनालवी
_bटी.वी.रंगमंचीय एकांकी-संग्रह /
246 _aTasveer kabhi nahi tootti : T.V.rangmanchiye ekanki-sangreh /
_bby Premsingh Barnalavi
260 _bसूर्य भारती प्रकाशन
_aदिल्ली
_c1995
270 _bदिल्ली
_aनई सड़क
_e110006
300 _a126पृ.
_c17सेमी (सजिल्द)
650 _aहिन्दी -- साहित्य
_946712
650 _aहिन्दी -- कहानी
_9779
650 _aHindi - literature
_946713
650 _aHindi - Story
_943117
942 _2ddc
_cHN
_h822
_mबरना
999 _c112286
_d112286